[Event "Regionalliga NO 1617"]
[Site "Bayern"]
[Date "2017.03.19"]
[Round "7.7"]
[White "Rieger, Martin"]
[Black "Grasser, Martin"]
[Result "1-0"]
[WhiteElo "1922"]
[BlackElo "1798"]
[PlyCount "77"]
[EventDate "2016.10.16"]
[EventType "team-tourn"]
[EventRounds "9"]
[EventCountry "GER"]
[SourceTitle "EXT 2019"]
[Source "ChessBase"]
[SourceDate "2018.10.10"]
[SourceVersion "1"]
[SourceVersionDate "2018.10.10"]
[SourceQuality "1"]
[WhiteTeam "Schwandorf"]
[BlackTeam "Regensburg Turnerschaft"]
[WhiteTeamCountry "GER"]
[BlackTeamCountry "GER"]

1. d4 Nf6 2. Nf3 g6 3. c4 Bg7 4. Nc3 d6 5. e4 0-0 6. Be2 e5 7. 0-0 Nc6 8. d5 Ne7 9. Ne1 Nd7 10. Be3 f5 11. f3 b6 12. a4 a5 13. Nd3 f4 14. Bf2 Nf6 15. b4 g5 16. bxa5 Rxa5 17. Nb5 Ng6 18. Be1 Ra8 19. a5 bxa5 20. Rxa5 Bd7 21. Kh1 Rb8 22. Nb4 Bxb5 23. cxb5 Rb7 24. Nc6 Qd7 25. Qa4 g4 26. Ra8 gxf3 27. Bxf3 Ng4 28. Rxf8+ Bxf8 29. h3 Ne3 30. Rg1 Qg7 31. Nd8 Rb8 32. Ne6 Qe7 33. Bf2 Bh6 34. Rc1 Rc8 35. b6 c5 36. dxc6 Qxe6 37. b7 Rf8 38. c7 Ne7 39. b8Q 1-0

[Event "Oberpfalz-ch M2"]
[Site "Schwandorf"]
[Date "2015.03.31"]
[Round "8"]
[White "Kouba, Severin"]
[Black "Grasser, Martin"]
[Result "1-0"]
[WhiteElo "1851"]
[BlackElo "1903"]
[PlyCount "151"]
[EventDate "2015.03.28"]
[EventType "swiss"]
[EventRounds "8"]
[EventCountry "GER"]
[SourceTitle "EXT 2022"]
[Source "ChessBase"]
[SourceDate "2021.10.06"]
[SourceVersion "1"]
[SourceVersionDate "2021.10.06"]
[SourceQuality "1"]

1. c4 c5 2. Nc3 Nf6 3. Nf3 Nc6 4. g3 g6 5. d4 cxd4 6. Nxd4 Bg7 7. Bg2 0-0 8. 0-0 Nxd4 9. Qxd4 d6 10. Qd3 Bf5 11. e4 Be6 12. Bg5 h6 13. Bd2 Ng4 14. b3 a6 15. Rab1 Rb8 16. Qe2 Re8 17. a4 Ne5 18. Nd5 Bd7 19. a5 Bc6 20. Nb6 Nd7 21. Be3 Nxb6 22. Bxb6 Qc8 23. Qd3 Bd7 24. Rfc1 Bh3 25. Bh1 Qd7 26. Rc2 Be6 27. Rd1 Bg4 28. f3 Be6 29. Re2 Qc6 30. Bg2 Bf6 31. h3 Qc8 32. Kh2 h5 33. Rf1 Bd7 34. f4 Bc6 35. Ref2 Bd7 36. Qd1 Bc3 37. f5 Be5 38. h4 Bf6 39. Kh3 Kg7 40. Qd2 Rh8 41. Kh2 Be8 42. Rf3 Be5 43. Qf2 f6 44. Bh3 g5 45. hxg5 h4 46. Rg1 fxg5 47. Bd4 Kf6 48. Bxe5+ dxe5 49. gxh4 Rxh4 50. Rfg3 Rh5 51. Qg2 Qc5 52. Rd1 Bf7 53. Qd2 Rbh8 54. Kg2 Qc6 55. Qe3 Be8 56. Kf2 Qc7 57. Rdg1 Qxa5 58. Bg4 Qa2+ 59. Be2 Rh2+ 60. R1g2 Rxg2+ 61. Rxg2 Rg8 62. Qh3 Qd2 63. Qh6+ Kf7 64. Qe6+ Kf8 65. Qxe5 Bc6 66. Rg3 Qd6 67. Qxd6 exd6 68. Ke3 Ke7 69. Kd4 Kf6 70. Bd3 Re8 71. Rh3 Rg8 72. Rh6+ Ke7 73. c5 dxc5+ 74. Kxc5 g4 75. f6+ Kf8 76. e5 1-0

[Event "Oberpfalz-ch M2"]
[Site "Schwandorf"]
[Date "2015.03.30"]
[Round "6"]
[White "Grasser, Martin"]
[Black "Gogeissl, Christian"]
[Result "1/2-1/2"]
[WhiteElo "1903"]
[BlackElo "1773"]
[PlyCount "102"]
[EventDate "2015.03.28"]
[EventType "swiss"]
[EventRounds "8"]
[EventCountry "GER"]
[SourceTitle "EXT 2022"]
[Source "ChessBase"]
[SourceDate "2021.10.06"]
[SourceVersion "1"]
[SourceVersionDate "2021.10.06"]
[SourceQuality "1"]

1. e4 e6 2. d3 b6 3. Nf3 Bb7 4. g3 d6 5. Bg2 Nf6 6. 0-0 c5 7. c3 Nbd7 8. Nbd2 e5 9. b3 Be7 10. Bb2 0-0 11. Re1 Qc7 12. Rc1 Rfe8 13. d4 Bf8 14. d5 g6 15. Qc2 Ba6 16. Bf1 Bxf1 17. Nxf1 Bh6 18. Rcd1 Rac8 19. c4 Rb8 20. a4 a5 21. Qe2 Kf8 22. h3 Nh5 23. N1h2 Nhf6 24. Ng4 Bg7 25. Nfh2 Nxg4 26. Nxg4 Nf6 27. Nxf6 Bxf6 28. f4 Qe7 29. f5 Kg8 30. g4 Bg5 31. Rf1 Bf4 32. Qf3 g5 33. Kg2 Kg7 34. Bc3 Rh8 35. h4 h6 36. Rh1 f6 37. Rh3 Rh7 38. hxg5 Bxg5 39. Rdh1 Rbh8 40. Rh5 Kg8 41. Be1 Qg7 42. Qh3 Qf7 43. Kf3 Qg7 44. Qg2 Qf7 45. R1h3 Qg7 46. Qh1 Qf7 47. Bf2 Qg7 48. Bh4 Qf7 49. Kf2 Qg7 50. Kg2 Qf7 51. Bxg5 hxg5 1/2-1/2

[Event "Nittenau-ch 13th"]
[Site "Nittenau"]
[Date "2013.09.14"]
[Round "2"]
[White "Grasser, Martin"]
[Black "Burgard, Manfred"]
[Result "1-0"]
[WhiteElo "1843"]
[BlackElo "1373"]
[PlyCount "107"]
[EventDate "2013.09.13"]
[EventType "swiss"]
[EventRounds "5"]
[EventCountry "GER"]
[SourceTitle "EXT 2022"]
[Source "ChessBase"]
[SourceDate "2021.10.06"]
[SourceVersion "1"]
[SourceVersionDate "2021.10.06"]
[SourceQuality "1"]

1. e4 e5 2. Nf3 Nc6 3. Bc4 Nf6 4. 0-0 Bc5 5. c3 d5 6. exd5 Nxd5 7. d4 Nb6 8. Bxf7+ Kxf7 9. dxc5 Qxd1 10. Rxd1 Nd7 11. Ng5+ Kg6 12. Ne6 Rb8 13. Be3 Nf6 14. Nxc7 a6 15. Na3 Bf5 16. Nc4 Rbc8 17. Nd5 Nxd5 18. Rxd5 Rcd8 19. Nxe5+ Nxe5 20. Rxe5 Rd7 21. Bd4 Rf8 22. Rae1 Rf6 23. R1e3 h6 24. h3 Bb1 25. a3 Ba2 26. Kf1 Bc4+ 27. Ke1 Bb5 28. b3 Bc6 29. g3 Kh7 30. Rd3 Rf8 31. Re6 Rdf7 32. Rd2 Bd7 33. Rb6 Bxh3 34. Be3 Bg2 35. Rdd6 Bc6 36. c4 Re8 37. b4 Rf5 38. Kd2 Re7 39. b5 axb5 40. cxb5 Bg2 41. Kc3 Rc7 42. Kb4 Rf8 43. a4 Re8 44. a5 Re4+ 45. Bd4 Re1 46. a6 bxa6 47. Rxa6 Rb1+ 48. Ka4 Bf1 49. Ra5 Re7 50. b6 Re2 51. Ka3 Rc2 52. Ra7 Bc4 53. Rxg7+ Kh8 54. Rd8+ 1-0

[Event "Nittenau-ch 13th"]
[Site "Nittenau"]
[Date "2013.09.14"]
[Round "3"]
[White "Schindler, Gernot"]
[Black "Grasser, Martin"]
[Result "1-0"]
[WhiteElo "1883"]
[BlackElo "1843"]
[PlyCount "131"]
[EventDate "2013.09.13"]
[EventType "swiss"]
[EventRounds "5"]
[EventCountry "GER"]
[SourceTitle "EXT 2022"]
[Source "ChessBase"]
[SourceDate "2021.10.06"]
[SourceVersion "1"]
[SourceVersionDate "2021.10.06"]
[SourceQuality "1"]

1. d4 d5 2. c4 e6 3. g3 c6 4. Bg2 f5 5. Nf3 Nf6 6. 0-0 Be7 7. Qc2 0-0 8. Bg5 h6 9. Bd2 Ne4 10. Ne5 Qe8 11. f3 Nxd2 12. Nxd2 Nd7 13. e4 Nxe5 14. dxe5 d4 15. c5 f4 16. Qc4 Qg6 17. gxf4 Rxf4 18. Qxd4 Rh4 19. f4 Rg4 20. Rf2 Bh4 21. Re2 Rxf4 22. Rf1 Rxf1+ 23. Nxf1 Be7 24. a3 Qe8 25. Rd2 Rb8 26. Qc4 Kh7 27. Ng3 Qf8 28. b4 Qf4 29. Qc3 Bg5 30. Nf1 Qh4 31. Rd3 Bf4 32. h3 Qg5 33. Nd2 Bxe5 34. Nf3 Bxc3 35. Nxg5+ hxg5 36. Rxc3 e5 37. Rg3 Kh6 38. Rd3 b6 39. Rd6+ g6 40. Rxc6 Bb7 41. Rc7 bxc5 42. Rxc5 Rd8 43. Rc7 Rd1+ 44. Kf2 Ba6 45. Rxa7 Bc4 46. Bf3 Rd2+ 47. Ke1 Rd3 48. Bg4 Re3+ 49. Kd2 Rxe4 50. Bd7 Bf1 51. b5 Re2+ 52. Kc3 Re3+ 53. Kb4 Bxh3 54. Bxh3 Rxh3 55. b6 Rh1 56. Rc7 Rb1+ 57. Ka5 g4 58. Rc3 Kg5 59. Ka6 Kf4 60. b7 g3 61. Rc4+ e4 62. Rb4 Rxb4 63. axb4 g2 64. b8Q+ Kf3 65. Qh2 g5 66. Qg1 1-0

[Event "Wittelsbach op 1st"]
[Site "Kelheim"]
[Date "2012.12.29"]
[Round "6"]
[White "Grasser, Martin"]
[Black "Mueller, Johannes1"]
[Result "1-0"]
[WhiteElo "1916"]
[BlackElo "1534"]
[PlyCount "73"]
[EventDate "2012.12.26"]
[EventType "swiss"]
[EventRounds "7"]
[EventCountry "GER"]
[SourceTitle "EXT 2014"]
[Source "ChessBase"]
[SourceDate "2013.11.20"]
[SourceVersion "1"]
[SourceVersionDate "2013.11.20"]
[SourceQuality "1"]

1. e4 e5 2. Nf3 Nc6 3. Bc4 Bc5 4. b4 Bxb4 5. c3 Be7 6. 0-0 Na5 7. Nxe5 Nxc4 8. Nxc4 d5 9. exd5 Qxd5 10. Qe2 Be6 11. Ne3 Qd7 12. d4 Nf6 13. Ba3 0-0 14. Bxe7 Qxe7 15. Nd2 c5 16. Rfe1 cxd4 17. Nf5 Qd7 18. Nxd4 Rfe8 19. Qd3 Rac8 20. N2b3 Bc4 21. Qd2 h6 22. Rac1 b6 23. h3 Rxe1+ 24. Qxe1 Re8 25. Qd2 Ne4 26. Qf4 Qd6 27. Qg4 Qf6 28. Qf5 Qxf5 29. Nxf5 Be6 30. Nfd4 Bc4 31. f3 Nd6 32. Nd2 Bxa2 33. Ra1 Bc4 34. Rxa7 Re1+ 35. Kf2 Rc1 36. Rd7 Ne8 37. Nxc4 1-0

[Event "Oberpfalz-ch M2"]
[Site "Roding"]
[Date "2010.03.30"]
[Round "7"]
[White "Grasser, Martin"]
[Black "Miethaner, Ulrich"]
[Result "1/2-1/2"]
[WhiteElo "1818"]
[BlackElo "1782"]
[PlyCount "24"]
[EventDate "2010.03.27"]
[EventType "swiss"]
[EventRounds "8"]
[EventCountry "GER"]
[SourceTitle "EXT 2012"]
[Source "ChessBase"]
[SourceDate "2011.11.24"]
[SourceVersion "1"]
[SourceVersionDate "2011.11.24"]
[SourceQuality "1"]

1. d4 d5 2. Nf3 Nc6 3. Bf4 Bg4 4. e3 e6 5. h3 Bxf3 6. Qxf3 Bd6 7. Nd2 Nf6 8. c3 e5 9. Bg5 Be7 10. Bb5 e4 11. Qe2 0-0 12. 0-0 Nb8 1/2-1/2

[Event "Oberpfalz-ch M2"]
[Site "Kareth Lappersdorf"]
[Date "2008.03.17"]
[Round "5"]
[White "Plank, Michael"]
[Black "Grasser, Martin"]
[Result "1/2-1/2"]
[WhiteElo "1527"]
[BlackElo "1853"]
[PlyCount "70"]
[EventDate "2008.03.15"]
[EventType "swiss"]
[EventRounds "8"]
[EventCountry "GER"]
[SourceTitle "EXT 2022"]
[Source "ChessBase"]
[SourceDate "2021.10.06"]
[SourceVersion "1"]
[SourceVersionDate "2021.10.06"]
[SourceQuality "1"]

1. d4 e6 2. c4 c6 3. Nf3 d5 4. cxd5 exd5 5. Bf4 Nf6 6. Nc3 h6 7. Qc2 Bb4 8. h3 Be7 9. e3 0-0 10. Bd3 Re8 11. 0-0 Nbd7 12. b4 a6 13. Rab1 Bf8 14. Na4 Ne4 15. Nc5 Ndf6 16. Ne5 Qe7 17. a4 Ng4 18. Nxe4 Nxe5 19. Bxe5 dxe4 20. Bxe4 f6 21. Bh7+ Kh8 22. Bg3 Be6 23. Bf5 Bd5 24. Qc5 Qf7 25. Qc2 Qe7 26. Rfe1 Be6 27. Bxe6 Qxe6 28. Qb3 Qd7 29. Rec1 Re6 30. b5 axb5 31. axb5 Ra3 32. bxc6 Rxc6 33. Qb2 b5 34. Rxc6 Qxc6 35. Rc1 Qa6 1/2-1/2

[Event "Oberpfalz-ch M2"]
[Site "Kareth Lappersdorf"]
[Date "2008.03.16"]
[Round "4"]
[White "Grasser, Martin"]
[Black "Peutler, Mario"]
[Result "1/2-1/2"]
[WhiteElo "1853"]
[BlackElo "1625"]
[PlyCount "90"]
[EventDate "2008.03.15"]
[EventType "swiss"]
[EventRounds "8"]
[EventCountry "GER"]
[SourceTitle "EXT 2022"]
[Source "ChessBase"]
[SourceDate "2021.10.06"]
[SourceVersion "1"]
[SourceVersionDate "2021.10.06"]
[SourceQuality "1"]

1. e4 c5 2. Nf3 Nc6 3. d4 cxd4 4. Nxd4 Nf6 5. Nc3 e5 6. Ndb5 d6 7. Bg5 a6 8. Na3 b5 9. Nd5 Be7 10. Bxf6 gxf6 11. c3 f5 12. Bd3 Be6 13. 0-0 f4 14. Be2 Rg8 15. Kh1 Bg5 16. Bf3 Ne7 17. c4 bxc4 18. Nxc4 Nxd5 19. exd5 Bf5 20. Qa4+ Kf8 21. Qb4 Be7 22. Rfe1 Rh8 23. Rac1 h5 24. Be4 Bxe4 25. Rxe4 f5 26. Ree1 Kf7 27. f3 h4 28. h3 Rg8 29. Rc2 Qb8 30. Qd2 Rc8 31. Rec1 Qb7 32. Qd3 Kf6 33. Rc3 Rc5 34. Rd1 Rac8 35. Rb3 Rb5 36. Rxb5 Qxb5 37. b3 Rc5 38. Qd2 a5 39. Na3 Qb4 40. Qxb4 axb4 41. Nc4 e4 42. Kg1 e3 43. Kf1 Bf8 44. Ke2 Ke7 45. Rd4 Bh6 1/2-1/2

[Event "Oberpfalz-ch M1"]
[Site "Windischeschenbach"]
[Date "2007.04.03"]
[Round "8"]
[White "Eibl, Maximilian"]
[Black "Grasser, Martin"]
[Result "1/2-1/2"]
[WhiteElo "1928"]
[BlackElo "1877"]
[PlyCount "42"]
[EventDate "2007.03.31"]
[EventType "swiss"]
[EventRounds "8"]
[EventCountry "GER"]
[SourceTitle "EXT 2022"]
[Source "ChessBase"]
[SourceDate "2021.10.06"]
[SourceVersion "1"]
[SourceVersionDate "2021.10.06"]
[SourceQuality "1"]

1. e4 g6 2. d4 Bg7 3. Be3 d6 4. Qd2 Nd7 5. f3 e5 6. Nc3 exd4 7. Bxd4 Bxd4 8. Qxd4 Qf6 9. Qd2 a6 10. 0-0-0 Ne7 11. Nge2 0-0 12. h4 Re8 13. Nf4 Nb6 14. h5 g5 15. Nh3 Bxh3 16. Rxh3 h6 17. Rg3 Kh8 18. Rg4 Qg7 19. f4 f6 20. Ne2 d5 21. Nd4 dxe4 1/2-1/2

[Event "Oberpfalz-ch M1"]
[Site "Windischeschenbach"]
[Date "2007.04.01"]
[Round "4"]
[White "Grasser, Martin"]
[Black "Noeckler, Alexander"]
[Result "0-1"]
[WhiteElo "1877"]
[BlackElo "2058"]
[PlyCount "104"]
[EventDate "2007.03.31"]
[EventType "swiss"]
[EventRounds "8"]
[EventCountry "GER"]
[SourceTitle "EXT 2022"]
[Source "ChessBase"]
[SourceDate "2021.10.06"]
[SourceVersion "1"]
[SourceVersionDate "2021.10.06"]
[SourceQuality "1"]

1. e4 c5 2. Nc3 d6 3. Nf3 a6 4. d4 cxd4 5. Nxd4 Nf6 6. Bd3 e5 7. Nb3 Be6 8. Bg5 Nbd7 9. Nd5 Bxd5 10. exd5 Be7 11. Bxf6 Nxf6 12. 0-0 0-0 13. Re1 Re8 14. c4 Bf8 15. Nd2 Rc8 16. b3 Qd7 17. Qf3 Qd8 18. Qh3 g6 19. g4 Bg7 20. Ne4 Nxe4 21. Bxe4 Qg5 22. Qg3 Qd2 23. Qe3 Qa5 24. Re2 Rc5 25. Rb1 Qc7 26. Rc2 Rc8 27. Rbc1 Qe7 28. g5 f5 29. gxf6 Bxf6 30. Re1 b5 31. Bd3 Bg5 32. Qe4 Rf8 33. Qg2 Bf4 34. Qg4 Rf6 35. Ree2 b4 36. f3 Kh8 37. Rg2 Be3+ 38. Kh1 Rf4 39. Qh3 Rd4 40. Be2 Qf6 41. Bf1 Rd1 42. Rge2 Qf4 43. Rxe3 Qxe3 44. Kg2 Rc7 45. Qe6 Qg5+ 46. Kf2 Qf5 47. Qe8+ Kg7 48. Re2 Rf7 49. Bg2 Rd4 50. Kg3 Qf4+ 51. Kf2 e4 52. Re1 Rd2+ 0-1

[Event "Nittenau-ch 7th"]
[Site "Nittenau"]
[Date "2007.??.??"]
[Round "3"]
[White "Giessmann, Stephan"]
[Black "Grasser, Martin"]
[Result "1-0"]
[WhiteElo "2114"]
[BlackElo "1904"]
[PlyCount "53"]
[EventDate "2007.??.??"]
[EventType "swiss"]
[EventRounds "5"]
[EventCountry "GER"]
[SourceTitle "EXT 2010"]
[Source "ChessBase"]
[SourceDate "2010.11.25"]
[SourceVersion "1"]
[SourceVersionDate "2010.11.25"]
[SourceQuality "1"]

1. d4 Nf6 2. c4 e6 3. Nc3 b6 4. e4 Bb7 5. Bd3 c5 6. d5 e5 7. f4 d6 8. fxe5 dxe5 9. Nge2 Nfd7 10. 0-0 g6 11. Ng3 a6 12. Qg4 Bg7 13. Nf5 0-0 14. Nh6+ Bxh6 15. Bxh6 Re8 16. Rf3 f6 17. Raf1 Bc8 18. Qh4 Ra7 19. Nd1 Kh8 20. Ne3 Rg8 21. Ng4 g5 22. Qh5 Rg6 23. Nxf6 Nxf6 24. Rxf6 Rxf6 25. Rxf6 Nd7 26. Bg7+ Kxg7 27. Rf7+ 1-0

[Event "Oberpfalz-ch M1"]
[Site "Regensburg"]
[Date "2006.04.11"]
[Round "7.12"]
[White "Grasser, Martin"]
[Black "Langensteiner, Matthias"]
[Result "1/2-1/2"]
[WhiteElo "1933"]
[BlackElo "1892"]
[PlyCount "107"]
[EventDate "2006.04.08"]
[EventType "swiss"]
[EventRounds "8"]
[EventCountry "GER"]
[SourceTitle "EXT 2022"]
[Source "ChessBase"]
[SourceDate "2021.10.06"]
[SourceVersion "1"]
[SourceVersionDate "2021.10.06"]
[SourceQuality "1"]

1. e4 e6 2. d4 d5 3. Nd2 c5 4. c3 Nc6 5. Ngf3 cxd4 6. cxd4 Be7 7. Bd3 dxe4 8. Nxe4 Nf6 9. 0-0 0-0 10. h3 Nb4 11. Bb1 b6 12. Qb3 Nbd5 13. Bg5 Bb7 14. Qd3 g6 15. Nxf6+ Bxf6 16. Bh6 Bg7 17. Bxg7 Kxg7 18. Qd2 Nf6 19. Ne5 Qd5 20. f3 Rad8 21. Rd1 Rd6 22. Bc2 Rfd8 23. Qe2 Qa5 24. Qc4 b5 25. Qc5 Qb6 26. b4 Rxd4 27. Rxd4 Rxd4 28. Kf1 Re4 29. Qxb6 axb6 30. Nd3 Rd4 31. Ke2 Nd5 32. a3 f6 33. Bb3 Kf7 34. Rc1 Ke7 35. g3 e5 36. Nf2 f5 37. Bxd5 Rxd5 38. Nd3 Kd6 39. f4 exf4 40. gxf4 Rd4 41. Rf1 Bg2 42. Rf2 Bxh3 43. Ne5 Bg4+ 44. Ke3 Re4+ 45. Kd3 Rxe5 46. fxe5+ Kxe5 47. Rc2 f4 48. Rc6 Bh3 49. Ke2 Kd4 50. Rxb6 Bf5 51. Kf3 Bd3 52. Kxf4 Kc3 53. Kg5 h5 54. Ra6 1/2-1/2

[Event "Oberpfalz-ch M1"]
[Site "Regensburg"]
[Date "2006.04.10"]
[Round "5.11"]
[White "Grasser, Martin"]
[Black "Ludwig, Franz"]
[Result "0-1"]
[WhiteElo "1933"]
[BlackElo "1891"]
[PlyCount "60"]
[EventDate "2006.04.08"]
[EventType "swiss"]
[EventRounds "8"]
[EventCountry "GER"]
[SourceTitle "EXT 2022"]
[Source "ChessBase"]
[SourceDate "2021.10.06"]
[SourceVersion "1"]
[SourceVersionDate "2021.10.06"]
[SourceQuality "1"]

1. d4 d5 2. Nf3 e6 3. e3 f5 4. c4 c6 5. c5 Nf6 6. Ne5 Nbd7 7. f4 Nxe5 8. fxe5 Ne4 9. g3 b6 10. b4 a5 11. Qa4 Bd7 12. b5 cxb5 13. Bxb5 bxc5 14. Nd2 cxd4 15. Nxe4 dxe4 16. exd4 Bb4+ 17. Ke2 Bxb5+ 18. Qxb5+ Qd7 19. Qxd7+ Kxd7 20. Be3 Ba3 21. Rab1 Rab8 22. Rhd1 Rhc8 23. Bd2 a4 24. Rxb8 Rxb8 25. Bc3 Bb2 26. Rb1 a3 27. Kd1 g5 28. Kc2 Rc8 29. Rxb2 axb2 30. Kxb2 f4 0-1

[Event "Oberpfalz-ch M1"]
[Site "Regensburg"]
[Date "2006.04.10"]
[Round "4.13"]
[White "Grasser, Martin"]
[Black "Simmerl, Stefan"]
[Result "1-0"]
[WhiteElo "1933"]
[BlackElo "1884"]
[PlyCount "43"]
[EventDate "2006.04.08"]
[EventType "swiss"]
[EventRounds "8"]
[EventCountry "GER"]
[SourceTitle "EXT 2022"]
[Source "ChessBase"]
[SourceDate "2021.10.06"]
[SourceVersion "1"]
[SourceVersionDate "2021.10.06"]
[SourceQuality "1"]

1. e4 e6 2. d3 d5 3. Nd2 Nf6 4. Ngf3 Bc5 5. e5 Nfd7 6. d4 Be7 7. Bd3 c5 8. c3 Nc6 9. Bc2 cxd4 10. cxd4 f6 11. 0-0 fxe5 12. Nxe5 Ndxe5 13. dxe5 Nxe5 14. Qh5+ Nf7 15. Nf3 g6 16. Qg4 Bf6 17. Ba4+ Kf8 18. Bd2 Kg7 19. Qb4 Bd7 20. Bb3 Bc6 21. Nd4 e5 22. Ne6+ 1-0

[Event "Oberpfalz-ch M1"]
[Site "Regensburg"]
[Date "2006.04.08"]
[Round "1.13"]
[White "Grasser, Martin"]
[Black "Franz, Gerhard"]
[Result "1-0"]
[WhiteElo "1933"]
[BlackElo "1997"]
[PlyCount "55"]
[EventDate "2006.04.08"]
[EventType "swiss"]
[EventRounds "8"]
[EventCountry "GER"]
[SourceTitle "EXT 2022"]
[Source "ChessBase"]
[SourceDate "2021.10.06"]
[SourceVersion "1"]
[SourceVersionDate "2021.10.06"]
[SourceQuality "1"]

1. e4 c5 2. Nf3 d6 3. d4 cxd4 4. Nxd4 Nf6 5. Nc3 g6 6. Be3 Bg7 7. f3 0-0 8. Qd2 Nc6 9. Bc4 Bd7 10. 0-0-0 Rc8 11. Bb3 Ne5 12. Kb1 Nc4 13. Bxc4 Rxc4 14. Nce2 Re8 15. g4 b5 16. Ng3 Qc8 17. h4 Qa6 18. b3 Rc7 19. h5 Rec8 20. Rh2 e5 21. hxg6 hxg6 22. Bh6 Bh8 23. Ngf5 Bxf5 24. Nxf5 Ne8 25. Bf8 Bf6 26. Qh6 Rxc2 27. Qh7+ Kxf8 28. Qh8+ 1-0

[Event "Nittenau-ch 5th"]
[Site "Nittenau"]
[Date "2005.09.02"]
[Round "3"]
[White "Pongratz, Philip"]
[Black "Grasser, Martin"]
[Result "0-1"]
[WhiteElo "1548"]
[BlackElo "1901"]
[PlyCount "42"]
[EventDate "2005.09.01"]
[EventType "swiss"]
[EventRounds "7"]
[EventCountry "GER"]
[SourceTitle "EXT 2008"]
[Source "ChessBase"]
[SourceDate "2007.11.25"]
[SourceVersion "1"]
[SourceVersionDate "2007.11.25"]
[SourceQuality "1"]

1. e4 d6 2. d4 Nf6 3. Nc3 g6 4. Nf3 Bg7 5. Be3 0-0 6. Qd2 Re8 7. 0-0-0 c6 8. Be2 b5 9. e5 Ng4 10. h3 Nxe3 11. Qxe3 Bd7 12. g4 Na6 13. Rdg1 Qa5 14. Kb1 Nc7 15. h4 b4 16. Nd1 Rab8 17. h5 Nd5 18. Qb3 Nc3+ 19. Nxc3 bxc3 20. Qc4 Rxb2+ 21. Kc1 Rxa2 0-1

[Event "Oberpfalz-ch M2"]
[Site "Schwarzenfeld"]
[Date "2005.??.??"]
[Round "4"]
[White "Grasser, Martin"]
[Black "Peutler, Hans"]
[Result "1-0"]
[WhiteElo "1824"]
[BlackElo "1784"]
[PlyCount "85"]
[EventDate "2005.03.19"]
[EventType "swiss"]
[EventRounds "8"]
[EventCountry "GER"]
[SourceTitle "EXT 2022"]
[Source "ChessBase"]
[SourceDate "2021.10.06"]
[SourceVersion "1"]
[SourceVersionDate "2021.10.06"]
[SourceQuality "1"]

1. e4 c5 2. Nf3 Nc6 3. d3 Nf6 4. Be2 g6 5. Be3 b6 6. 0-0 Bg7 7. Nc3 0-0 8. h3 d6 9. Qd2 d5 10. Bh6 dxe4 11. dxe4 Qxd2 12. Bxd2 Nd4 13. Bd1 Bb7 14. Re1 Rad8 15. Bg5 h6 16. Bh4 g5 17. Bg3 Nxf3+ 18. Bxf3 Rd2 19. Rac1 Rfd8 20. Kf1 Ne8 21. e5 Bxf3 22. gxf3 Nc7 23. f4 Ne6 24. Ne4 R2d4 25. f5 Nf4 26. Bxf4 gxf4 27. f6 exf6 28. exf6 Bf8 29. Kg2 Bd6 30. Rcd1 Be5 31. Rxd4 Rxd4 32. b3 Kh7 33. Nxc5 Bxf6 34. Nd3 Kg6 35. Kf3 Kf5 36. Re8 Bg5 37. Re5+ Kf6 38. Re4 Rd5 39. Ra4 a5 40. Rc4 Kf5 41. h4 Bxh4 42. Rxf4+ Kg5 43. Rg4+ 1-0